BEYİN FIRTINASI (Record no. 1229142)

MARC details
000 -LEADER
sabit uzunluktaki kontrol alanı 00280nam a2200097Ia 4500
001 - KONTROL NUMARASI
kontrol alanı 1229142
005 - EN SON İŞLEMİN TARİH VE ZAMANI
kontrol alanı 20250827093055.0
008 - SABİT-UZUNLUKTA VERİ ÖĞELERİ--GENEL BİLGİ
sabit uzunluktaki kontrol alanı 250824s9999 xx 000 0 und d
245 #0 - ESER / YAZAR
ESER ADI BEYİN FIRTINASI
Yazar Adı ERIC MAISEL, ANN MAISEL
260 ## - YAYIN, DAĞITIM, VB.
YAYIN EVİ ALTIN KİTAPLAR YAYINLARI
Holdings
Düşüm durumu Kayıp durumu Hasar Durumu Ödünç verilmez Ana kütüphane Geçerli Kütüphane Edinilen tarih Toplam ödünç verme sayısı Barkod Son görüntüleme tarihi Fiyatın geçerli olmaya başladığı tarih Koha materyal türü
        ŞEHİT TEĞMEN BAYRAM OLGUN İMAM HATİP ORTAOKULU ŞEHİT TEĞMEN BAYRAM OLGUN İMAM HATİP ORTAOKULU 24.08.2025   11023200 27.08.2025 27.08.2025 Books